000 00795nam a22002297a 4500
003 UA-OsUOA
001 52574
007 ta
008 20150710b un ||||| |||| 00| 0 ukr d
090 _a94(477).03-05
_bА87
942 _cBK
040 _aUA-OsUOA
_bukr
_cUA-OsUOA
_dUA-OsUOA
245 _aАрхів Української Церкви
_bІсторія Луцького братства та братського монастиря 1617-1833 років
300 _a688 с.
955 _a4
041 _aukr
080 _a94(477).03-05
260 _aЛуцьк
_bТерези
_c2014
650 7 _a9 Географія. Біографії. Історія
_2UDC
999 _c432685
_d432685